The tech contracts handbook

Bibliographic Details
Main Author: Tollen, David W.
Format: eBook
Language:English
Published: Bruselas: American Bar Association, 2015
Subjects:
Online Access:Acceso restringido

MARC

LEADER 00000nam a22000007a 4500
005 20200601142843.0
007 cr|||| ||||
008 200601s2015 eu |||||s|||| 00||0 eng d
020 |a 978-1-63425-178-5 
035 |a 31608 
040 |a vLex 
090 |c 10467  |d 10467 
100 1 |a Tollen, David W. 
245 1 3 |a The tech contracts handbook  |h [Recurso electrn̤ico] /  |c David W. Tollen 
256 |a Servicio en ln̕ea 
260 |a Bruselas:  |b American Bar Association,  |c 2015 
300 |a 1 recurso electrn̤ico 
506 1 |a Disponible solo en los productos indicados  |d vLex Global  |d vLex Global (Academic Edition, excluding Law Schools)  |d vLex Global (U.S. Academic Edition, Law Schools)  |d vLex Global (U.S. Academic Edition, excluding Law Schools)  |d vLex Global (Academic Edition, Law Schools) 
650 0 4 |a Derecho Constitucional  |z Unin̤ Europea 
650 0 4 |a Derecho Mercantil y de la Empresa  |z Unin̤ Europea 
740 0 |a vLex Libros (Servicio en ln̕ea) 
856 4 0 |u http://vlex.com/source/tech-contracts-handbook-31608  |z Acceso restringido 
942 |c BOOK 
999 0 |a Constitutional Law 
999 0 |a Commercial and Company Law